000 00360nam a2200133Ia 4500
008 240624s9999 xx 000 0 und d
041 _aeng
082 _a658.4013 JOY
100 _aJOYCE MICHAEL E
245 _aHOW TO LEAD YOUR BUSINESS BEYOND TQM MAK
260 _c1995
_aLondon
_bPitman Publishing
300 _axvii, : 254 : p. : cm. ; 23
365 _cBPS
_b35
999 _c7546
_d7546